000 00861nam a2200325Ia 4500
001 9685
005 20240113234223.0
007 ta
008 050727s1983 a g b000 u asm u
020 _cHB
040 _aCotton College,Assam
041 _aasm
082 _a891.41408
_bSh 11 Bi
100 _aSarma, Hemanta Kumar .
245 0 _aBirendra Bhattacharyar Sahitya-Kriti /
_cHemanta Kumar Sarma.
_hTextual Documents
250 _a1st ed. /
260 _aGuwahati :
_bChandra Prakash ,
_c1983.
300 _a260p. :
_bill. ;
_c22cm .
653 _aAssamese Literature-Criticism
653 _aMS-Assamese
653 _aBhattacharya, Birendra-Criticism
653 _aG-Assamese
653 _aT/G-Assamese
942 _2ddc
_cBK
999 _c9672
_d9672